000 00645nam a2200277Ia 4500
005 20260401125658.0
008 008 300114s9999 xx 000 0 eng d
020 _a9788122441765
037 _aEBOOK
040 _aCRL
040 _beng
040 _cCRL
041 _2eng
041 _aeng
084 _qCRL
100 _aEinstein, Albert
_91233801
245 0 _aRELATIVITY THE SPECIAL AND GENERAL THEORY
250 _a1
260 _bNew Age
260 _c2016
650 _aMathematics
856 _uhttps://digital.elib4u.com/product-details/367517
942 _cEBOOK
999 _c1847614
_d1847614